Pays orthographiés de la même manière dans toutes les langues JetPunk - Statistiques

Statistiques générales
  • Ce quiz a été pris 43 fois
    11 depuis la dernière actualisation
  • Le résultat moyen est 2 sur 7
Statistiques - réponses
Continent Pays % Correct
Afrique Mali
55%
Afrique Togo
27%
Afrique Angola
18%
Amériques Haiti
18%
Océanie Nauru
18%
Amériques Guatemala
9%
Amériques Panama
9%
Aucun quiz correspondant
Distribution des résultats
% des personnes avec chaque résultat
Percentile par nombre de réponses
Votre historique - résultats
Vous n’avez pas pris ce quiz depuis la dernière actualisation